Arid zone geomorphology : (Record no. 31703)

000 -LEADER
fixed length control field 01120cam a2200313 a 4500
001 - CONTROL NUMBER
control field 16445373
005 - DATE AND TIME OF LATEST TRANSACTION
control field 20230718091405.0
008 - FIXED-LENGTH DATA ELEMENTS--GENERAL INFORMATION
fixed length control field 100903s2011 enkab b 001 0 eng
010 ## - LIBRARY OF CONGRESS CONTROL NUMBER
LC control number 2010037270
015 ## - NATIONAL BIBLIOGRAPHY NUMBER
National bibliography number GBB0A7373
Source bnb
016 7# - NATIONAL BIBLIOGRAPHIC AGENCY CONTROL NUMBER
Record control number 015643987
Source Uk
020 ## - INTERNATIONAL STANDARD BOOK NUMBER
International Standard Book Number 9780470519080 (cloth)
020 ## - INTERNATIONAL STANDARD BOOK NUMBER
International Standard Book Number 9780470519097 (pbk.)
035 ## - SYSTEM CONTROL NUMBER
System control number (OCoLC)ocn662154603
040 ## - CATALOGING SOURCE
Original cataloging agency DLC
Transcribing agency DLC
Modifying agency YDX
-- UKM
-- YDXCP
-- CDX
-- DLC
050 00 - LIBRARY OF CONGRESS CALL NUMBER
Classification number GB 611 .A75 2011
082 00 - DEWEY DECIMAL CLASSIFICATION NUMBER
Classification number 551.41/5
Edition number 22
245 00 - TITLE STATEMENT
Title Arid zone geomorphology :
Remainder of title process, form and change in drylands /
Statement of responsibility, etc. edited by David S.G. Thomas.
250 ## - EDITION STATEMENT
Edition statement 3rd ed.
260 ## - PUBLICATION, DISTRIBUTION, ETC. (IMPRINT)
Place of publication, distribution, etc. Chichester, West Sussex ;
-- Hoboken, NJ :
Name of publisher, distributor, etc. Wiley-Blackwell,
Date of publication, distribution, etc. 2011.
300 ## - PHYSICAL DESCRIPTION
Extent xxiv, 624 p. :
Other physical details ill., maps ;
Dimensions 26 cm.
504 ## - BIBLIOGRAPHY, ETC. NOTE
Bibliography, etc Includes bibliographical references and index.
650 #0 - SUBJECT ADDED ENTRY--TOPICAL TERM
Topical term or geographic name as entry element Geomorphology.
650 #0 - SUBJECT ADDED ENTRY--TOPICAL TERM
Topical term or geographic name as entry element Arid regions.
700 1# - ADDED ENTRY--PERSONAL NAME
Personal name Thomas, David S. G.
906 ## - LOCAL DATA ELEMENT F, LDF (RLIN)
a 7
b cbc
c orignew
d 1
e ecip
f 20
g y-gencatlg
942 ## - ADDED ENTRY ELEMENTS (KOHA)
Source of classification or shelving scheme
Koha item type Hard Covered Materials
Classification part GB 611 .A75 2011
Holdings
Withdrawn status Lost status Source of classification or shelving scheme Damaged status Not for loan Home library Current library Shelving location Date acquired Source of acquisition Total Checkouts Full call number Barcode Date last seen Price effective from Koha item type
          MACHAKOS UNIVERSITY LIBRARY MACHAKOS UNIVERSITY LIBRARY Open shelf 18/07/2023 Donation (falcon books)   GB 611 .A75 2011 39489 18/07/2023 18/07/2023 Hard Covered Materials
© Machakos University Library, Along The Highway, Machakos Wote Rd, Machakos, Kenya P.O. Box 136 - 90100 Machakos - Kenya

Tel: ( +254 ) 723 805829 OR Fax : 044-20353 OR Email: library@mksu.ac.ke